000 00963cab a22002055a 4500
001 L156571
008 120611e2012 xxk 000 0 eng d
035 _a(Sirsi) u156571
041 0 _aeng
100 1 _aSandher, Hardeep
245 0 0 _aMarkets
_bYorkshire and Humber
260 _c2012
490 0 _aProperty Week
_v78(23) 8 June 2012, 51-58(5)
520 _aRound-up of commercial property sector news from the Yorkshire and Humber region: imminent office pre-let decisions could spark mini building boom in Leeds; York City Football Club's new stadium comes closer to being built but uncertainty hangs over two neighbouring retail developments; protests against eight year lack of progress on Westfield Bradford; and The Range is in talks to take over CBRE Global Investors' 750 000 sq ft distribution centre in Thorne near Doncaster.
590 _aKA
651 4 _aYorkshire
651 4 _aHumber
690 _aCommercial property
_96227
942 _n0
999 _c84088
_d84088